000 00758nam a2200241 a 4500
001 50574
003 BD-RjUL
005 20211209075530.0
008 160827s1961 enka|||| |||| 001 0 eng d
035 _a(BD-RjUL)50694
040 _aBD-RjUL
_beng
_cBD-RjUL
041 _aeng
082 _223
_a512.51
_bSHI 1961
100 _aShilov, Georgi E.
_9151469
245 1 3 _aAn introduction to the theory of linear spaces
_cGeorgi E. Shilov ; Translated by Richard A. Silverman
260 _aNew Jersey :
_bPrentice-Hall,
_c1961
300 _axi, 310 p. :
_bill. ;
_c24 cm.
500 _aIncludes index
650 _aAlgebras, Linear.
_9137168
650 _aFunctional analysis
_9151470
700 _aSilverman, Richard A., Translator
_9151471
942 _2ddc
_cBK
999 _c50574
_d50574